000 00501 a2200193 4500
003 NUST
005 20221214161323.0
020 _a8176251224
040 _cNust
082 _a310.03,NAT
100 _aNath, Som
_9104871
245 _aEncyclopaedic Dictionary of Statics (Vol 1-2)
_cSom Nath
260 _aNew Delhi
_bSarup & Sons
_c2000
300 _a250:p.;
440 _vVOL 1-2
505 _aContents not Available
650 _aEncyclopaedic Dictionary
_9104872
942 _2ddc
_cBK
_k310.3,NAT
999 _c184867
_d184867